ბათუმის შოთა რუსთაველის სახელმწიფო უნივერსიტეტის ბიბლიოთეკა

Graduate texts in mathematics: (ბიბ.ჩანაწერი № 58725)

000 -LEADER
fixed length control field 00639nam a22001817a 4500
005 - DATE AND TIME OF LATEST TRANSACTION
control field 20220708105843.0
008 - FIXED-LENGTH DATA ELEMENTS--GENERAL INFORMATION
fixed length control field 220708s1982en xxu||||| |||| 00| 0 eng d
020 ## - INTERNATIONAL STANDARD BOOK NUMBER
International Standard Book Number 9781468493290
080 ## - UNIVERSAL DECIMAL CLASSIFICATION NUMBER
Universal Decimal Classification number 512.22 B-87
100 ## - MAIN ENTRY--PERSONAL NAME
Personal name Brown, S Kenneth
9 (RLIN) 14322
245 ## - TITLE STATEMENT
Title Graduate texts in mathematics:
Remainder of title Cohomology of Groups (Graduate Texts in Mathematics, No. 87) /
Statement of responsibility, etc. Kenneth S. Brown
264 ## - PRODUCTION, PUBLICATION, DISTRIBUTION, MANUFACTURE, AND COPYRIGHT NOTICE
Place of production, publication, distribution, manufacture New York:
Name of producer, publisher, distributor, manufacturer Springer,
Date of production, publication, distribution, manufacture, or copyright notice 1982.
300 ## - PHYSICAL DESCRIPTION
Extent 309 p.:
Other physical details 23 cm.
653 ## - INDEX TERM--UNCONTROLLED
keyword Graduate texts in mathematics
653 ## - INDEX TERM--UNCONTROLLED
keyword ტექსტები მათემატიკაში
653 ## - INDEX TERM--UNCONTROLLED
keyword მათემატიკა
942 ## - ADDED ENTRY ELEMENTS (KOHA)
Source of classification or shelving scheme
Koha item type წიგნი
ეგზემპლარები
Withdrawn status Lost status Source of classification or shelving scheme Damaged status Not for loan Permanent Location Current Location Shelving location Date acquired Cost, normal purchase price Full call number Barcode Date last seen Copy number Price effective from Koha item type Public note
          ბათუმის შოთა რუსთაველის სახელმწიფო უნივერსიტეტის მთავარი ბიბლიოთეკა ბათუმის შოთა რუსთაველის სახელმწიფო უნივერსიტეტის მთავარი ბიბლიოთეკა წიგნსაცავი 2022-07-08 345.00 512.22 B-87 62960 2022-07-08 62960 2022-07-08 წიგნი 345gel.